[Event "Canadian Amateur"]
[Site "Kitchener"]
[Date "2013.08.03"]
[Round "2"]
[White "Song, Terry"]
[Black "Peng, Jackie"]
[Result "0-1"]
[WhiteElo "2155"]
[BlackElo "2219"]
[Annotator "John Upper"]
[PlyCount "140"]
[EventType "swiss"]
[EventRounds "7"]
[EventCountry "CAN"]
[SourceTitle "Chess Canada Tactiosauru"]
[Source "CFC/John Upper"]
[SourceDate "2023.03.11"]
[SourceVersion "1"]
[SourceVersionDate "2023.03.11"]
[SourceQuality "1"]

{[%evp 0,140,19,38,40,46,70,62,56,59,45,36,37,18,15,-13,-11,-47,-39,-42,-37,
-66,-61,-61,2,-27,-22,-60,-71,-82,-74,-76,-86,-80,-57,-51,-28,-32,-47,-46,-76,
-113,-60,-151,-130,-192,-192,-195,-197,-190,-110,-76,-84,-64,-80,-76,-60,-67,
-64,-55,-38,-39,-28,-125,-115,-125,-120,-125,-126,-133,-117,-122,-117,-133,
-122,-127,-129,-178,-163,-167,-155,-167,-170,-167,-167,-167,-178,-178,-178,
-178,-178,-251,-252,-302,-314,-302,-336,-362,-360,-364,-384,-404,-397,-404,
-404,-407,-451,-844,-1011,-1011,-1011,-1022,-1187,-1022,-1421,-1914,-1934,
-1934,-2382,-2756,-2422,-2481,-2686,-2372,-2845,-3012,-29970,-29975,-29978,
-29981,-29976,-29987,-29980,-29981,-29978,-29979,-29976,-29977,-29980,-29981,
-29982,-29983,-29984]} 1. e4 c5 2. Nc3 d6 3. f4 Nc6 4. Nf3 g6 5. Bb5 Bd7 6. O-O
Bg7 7. Qe1 Nd4 $1 8. Nxd4 cxd4 9. Bxd7+ Qxd7 10. Nd5 e6 11. Nb4 f5 12. Nd3 $6
Nf6 13. e5 Ne4 $1 $17 14. c4 dxe5 15. Nxe5 Bxe5 16. fxe5 d3 17. Qe3 O-O 18. b3
Rfd8 19. Bb2 Rac8 20. Rf4 Qc6 (20... b5 $1 $19) 21. Re1 b5 $1 $19 22. cxb5 Qxb5
23. Rxe4 fxe4 24. Qxa7 {[%mdl 49216] Diagram [#] Critical Position Black's up
an exchange, should she trade the opponent's most dangerous piece with ...Qc5+
or try something else?} Qc5+ $4 {This misunderstands Black's advantage: with
Queens off White's K is safe and can consolidate in the center.} (24... Ra8
$142 $19) (24... Rc2 $142 $19 25. Qe7 (25. Bc3 $2 Rxc3 $19) (25. Rf1 Qd7 $19)
25... Qd7 $19) (24... Rd7 $142 $19 25. Qe3 Qa5 26. a4 Rc2 27. Bc3 Rxc3 $1 $19)
25. Qxc5 Rxc5 26. Kf2 $8 $11 ({As before,} 26. Bc3 $2 Rxc3 27. dxc3 e3 $8 $19)
(26. Rxe4 Rc2 27. Bc3 Rxc3 28. dxc3 d2 $19) 26... Rc2 27. Bc3 {A rare position
here where ...Rxc3 doesn't win now that the white K is close.} Rxa2 28. Rxe4
Ra3 29. Rb4 $1 (29. b4 $4 Rxc3 $19) 29... Rd7 30. Ke3 Raa7 31. Bd4 $6 (31. Rc4
{or Rb8+ then b3-b4 and it's hard to believe White can be beaten.}) 31... Rab7
{[%mdl 4096] Diagram [#]} 32. Rxb7 $2 {White has less counterplay without the
R, and has to hope for a fortress.} (32. Rc4 Rxb3 33. Rc8+ Kf7 34. Rh8 {
Black has to give up either the h pawn or the e pawn, since trying to save
them both gives White a perpetual:} h5 (34... Kg7 35. Re8 Rb4 36. Bc5 Rc4 37.
Bd6 {with good drawing chances.}) 35. Rh7+ Ke8 36. Rh8+ Ke7 37. Bc5+ Kf7 38.
Rh7+ {White has a perpetual.}) 32... Rxb7 $19 33. Kxd3 Rxb3+ 34. Ke4 Kf7 35.
Be3 Rb5 36. h4 Ke7 37. g3 Kd7 {Diagram [#]} 38. Bd4 ({This is a tough position;
here's one neat line:} 38. Kf4 Kc6 $2 39. Kg5 $3 Rxe5+ $140 40. Kh6 Rh5+ 41.
Kg7 $11 {Now Black has to play accurately to draw! The threat of Bg5 followed
by g4 lets White win the kingside pawns.}) 38... Kc6 39. Be3 Rb1 40. Bf2 Rb4+
41. d4 Rb2 42. Be3 Rb1 43. Bd2 Rg1 44. Bf4 h5 45. Kf3 Kd5 46. Be3 Rf1+ 47. Ke2
(47. Kg2 Rf5 $19 {and the Black K gets in.}) 47... Rf7 48. Bf4 Kxd4 49. Kf3 Rb7
50. Kg2 Ke4 51. Kh3 Rb5 (51... Rb2 {will be zugzwang.} 52. Bh6 Rc2 53. Bg7 Kf3
54. Bh6 Re2 55. Bf4 Rg2 $22) 52. Kg2 {[#]} Rxe5 $1 {Converts to a winning pawn
ending.  Black is over 2200, and should be expected to know how to win this;
and White is over 2100 and should know that.} 53. Bxe5 Kxe5 54. Kf3 Kf5 55. Ke3
Kg4 56. Kf2 e5 57. Kg2 e4 58. Kf2 Kh3 59. Ke3 Kxg3 60. Kxe4 Kxh4 61. Kf3 g5 62.
Kg2 Kg4 63. Kh2 Kf3 64. Kh3 g4+ 65. Kh2 Kf2 66. Kh1 Kg3 67. Kg1 Kh3 68. Kh1 g3
69. Kg1 g2 70. Kf2 Kh2 0-1

[Event "2nd Annual Washington International"]
[Site "Rockville, MD"]
[Date "2013.08.06"]
[Round "2.6"]
[White "Thavandiran, Shiyam"]
[Black "Chirila, Ioan Cristian"]
[Result "1-0"]
[WhiteElo "2357"]
[BlackElo "2520"]
[Annotator "Vladimir Pechenkin + editor"]
[PlyCount "63"]
[EventDate "2013.08.06"]
[EventType "swiss"]
[EventRounds "9"]
[EventCountry "USA"]
[SourceTitle "Chess Canada Tactiosauru"]
[Source "CFC/John Upper"]
[SourceDate "2023.03.11"]
[SourceVersion "1"]
[SourceVersionDate "2023.03.11"]
[SourceQuality "1"]

{[%evp 0,63,28,30,5,28,33,8,16,9,-7,4,20,23,17,9,12,-1,0,-7,-3,-25,-12,-18,-18,
-5,-6,2,6,-6,-10,-8,8,5,5,11,12,-6,-5,-4,5,-8,40,15,24,21,24,37,41,21,246,271,
265,283,275,280,343,343,333,307,644,299,1049,1078,1078,1506]} 1. e4 e5 2. Nf3
Nc6 3. Bb5 a6 4. Ba4 Nf6 5. O-O Be7 6. Bxc6 dxc6 7. d3 Nd7 8. Nbd2 O-O 9. Nc4
f6 10. Nh4 Nc5 11. Nf5 Bxf5 12. exf5 Re8 13. Be3 b6 14. Qh5 Qd5 15. b3 a5 16.
Rad1 Nb7 17. d4 e4 18. f3 Bb4 19. a3 Bd6 20. Nd2 Bf4 21. Bxf4 Qxd4+ 22. Kh1 e3
23. Bxe3 Qxe3 24. Ne4 {[%mdl 32832] Diagram [#]Critical Position White is
threatening Rd1-d7. Should Black play: a) ...Rad8,  b) ...Red8, c) ...Rf8.}
Rad8 $4 {Another example in a notorious collection of players picking a wrong
rook.} ({Granted, after} 24... Red8 $142 25. Rde1 $1 Qd4 {White has a pleasant
position but there is no reason for Black to panic.}) (24... Rf8 $142 25. Rfe1
(25. Rd7 Nc5 $13) 25... Rad8 $8 $11) 25. Rde1 $8 $18 {Exploiting the developed
but exposed Re8.} Rxe4 {Worth a try.} ({The difference from the line above is
easy to see:} 25... Qd4 {or ...Qf4} 26. Nxf6+ Qxf6 27. Rxe8+ Rxe8 28. Qxe8+ {
with an extra exchange for White.}) 26. fxe4 $1 Qc3 27. e5 $1 {White gives
Black no time to reorganize and finishes the game quickly.} fxe5 28. f6 gxf6
29. Re4 Rf8 30. Rc4 Qe3 31. Rg4+ Kh8 32. Rh4 1-0

[Event "NAYCC U18"]
[Site "Toronto"]
[Date "2013.08.17"]
[Round "6"]
[White "Knox, Christopher"]
[Black "Qin, Zi Yi (Joey)"]
[Result "0-1"]
[WhiteElo "2074"]
[BlackElo "2286"]
[Annotator "John Upper"]
[PlyCount "116"]
[EventDate "2013.08.17"]
[EventType "swiss"]
[EventCountry "CAN"]
[SourceTitle "Chess Canada Tactiosauru"]
[Source "CFC/John Upper"]
[SourceDate "2023.03.11"]
[SourceVersion "1"]
[SourceVersionDate "2023.03.11"]
[SourceQuality "1"]

{[%evp 0,116,27,24,27,2,40,40,44,44,44,18,19,26,36,24,27,17,30,23,20,36,36,9,
23,16,22,-74,-62,-60,-70,-69,-65,-135,-38,-68,-30,-28,-33,-32,-38,-40,-64,-87,
-73,-87,-90,-120,-104,-101,-87,-87,-80,-64,-61,-68,-46,-32,-41,-50,-33,-50,-50,
-55,0,0,13,0,0,5,17,14,14,0,14,19,16,9,32,-185,-110,-181,-125,-159,-133,-136,
-152,-152,-147,-151,-151,-171,-176,-160,-168,-175,-171,-174,-174,-275,-287,
-357,-364,-359,-366,-742,-813,-1096,-1219,-1297,-1320,-1750,-27723,-1320,
-29976,-29981,-29974,-29983,-28266]} 1. d4 Nf6 2. c4 g6 3. Nc3 Bg7 4. e4 d6 5.
Bd3 O-O 6. Nge2 e5 7. d5 c6 8. h3 Na6 9. Bg5 Nc5 10. Bc2 a5 11. Qd2 cxd5 12.
cxd5 Bd7 13. g4 b5 14. Ng3 b4 15. Nce2 Qb6 16. Rg1 b3 17. axb3 Nxb3 18. Bxb3
Qxb3 19. Ra3 Qc4 20. Rc3 Qa2 21. b3 Qb1+ 22. Qc1 Qxc1+ 23. Nxc1 Rfb8 24. f3 a4
25. bxa4 Rb2 26. Nce2 Rxa4 27. Kf2 h6 28. Bc1 Rb7 29. Be3 Ra2 30. Rcc1 Rab2 31.
Ra1 Bf8 32. Ra8 Rb8 33. Rxb8 Rxb8 34. Ra1 Rb2 35. Ra8 Ne8 36. Rd8 Bb5 37. Rb8
Kg7 38. Rb7 Nf6 {[%mdl 32832] [#]Critical Position Can White win a pawn with
Bxh6+?} 39. Bxh6+ $4 {This move seems to win a pawn, but it loses because of
the double-attack it allows on move 43; my guess is that White just didn't
calcuate far enough.} (39. Bc1 $142 $1 Rb3 40. Nf1 $1 $14) 39... Kxh6 $8 $19
40. Rxf7 Bg7 $1 (40... Nd7 $2 {saves the piece, but lets White back into the
game.} 41. h4 $8 Bg7 $8 (41... g5 $2 42. h5 $18) 42. g5+ Kh7 43. h5 gxh5 (43...
Kg8 44. hxg6 $13) 44. Nf5 $8 (44. Nxh5 $4 Rxe2+ 45. Kg3 Kg6 $19) 44... Rxe2+
45. Kg3 $13) 41. g5+ (41. h4 Kh7 $19) 41... Kxg5 42. Rxg7 Bxe2 $1 43. Nxe2 Nh5
$1 $19 {[#] Here's the double attack: the Nh5 threatens the Rg7 and threatens .
..Nf4 winning the pinned Ne2; White has no good defence.} 44. h4+ $5 Kf6 $1 $19
(44... Kxh4 $4 45. Rh7 $11 {and pinning one N saves the other.}) 45. Rd7 Nf4
46. Rxd6+ Ke7 47. Re6+ Nxe6 $2 (47... Kf7 $142 {wins the N and doesn't drop
the e5 pawn because} 48. Rxe5 Nd3+ $19 {wins the R.}) 48. dxe6 Kxe6 {[#]} 49.
f4 $4 (49. Ke3 $142 {gives White some real drawing chances.}) 49... Rb3 $8 $19
50. Kg2 Re3 51. Kf2 Rxe4 52. Kf3 Rxe2 53. Kxe2 exf4 54. Kf2 Ke5 55. Ke2 Ke4 56.
Kf2 f3 57. Kf1 Kf4 58. Kg1 Kg3 0-1

[Event "KW Labour Day Open 2013"]
[Site "Kitchener"]
[Date "2013.09.03"]
[Round "5"]
[White "Pace, Christopher"]
[Black "Jung, Hans"]
[Result "1-0"]
[WhiteElo "2126"]
[BlackElo "2292"]
[Annotator "John Upper"]
[PlyCount "87"]
[EventDate "2013.09.??"]
[EventType "swiss"]
[EventRounds "6"]
[EventCountry "CAN"]
[SourceTitle "Chess Canada Tactiosauru"]
[Source "CFC/John Upper"]
[SourceDate "2023.03.11"]
[SourceVersion "1"]
[SourceVersionDate "2023.03.11"]
[SourceQuality "1"]

{[%mdl 8192]} 1. e4 d5 2. Nc3 $6 d4 3. Nce2 e5 4. d3 Bd6 5. g3 g5 $5 {Black
takes radical steps to discourage a typical King's Indian (reversed) break
with the f-pawn.} (5... h5 $5 {is similar: anticipating f4 and preparing to
soften White's kingside.}) 6. Bg2 c5 7. h3 h6 8. Nf3 Be6 9. Nd2 Nc6 10. Nc4 Bc7
11. a4 b6 12. h4 g4 $13 13. h5 {I don't undersand this move; it's not as
though White can surround and win the Pg4; maybe White hopes to tie Black to
defending h6?} a6 14. Bd2 b5 15. axb5 axb5 16. Rxa8 Qxa8 17. Na3 Qa6 18. f4
gxf3 19. Bxf3 c4 $1 20. O-O c3 $1 21. Bc1 b4 (21... Bd6 $1 {(threatening ...
cxb2)} 22. Nb1 b4 $1 $19 {and although White's Nb1 won't be playing any more
in this game, at least it's already set up for the next one.}) 22. Nc4 Bxc4 23.
dxc4 Qxc4 24. bxc3 bxc3 25. Bg4 Rh7 26. Kh2 Rg7 27. Ng1 {[#] In principle,
Black ought to be better since he has a space advantage, but it's a difficult
position to come up with a plan. Neither side has any weak points which can be
atttacked more than they can be defended, and I don't see any feasible pawn
breaks. Maybe Black can lock the kingside with ...f6 and swing his R to the
a-file!?} Rxg4 $5 {I think this move could fairly be given any of the usual
chess punctuation marks: !!, !, !?, ?!, ?, or ??.  It looks really strong:
Houdini rates it as winning for Black... until it gets up to 20 ply, when it
rates it as =/+. But as far as I can tell (not very far, even with computers)
White just has enough activity to stay afloat.   The down-side is practical:
while both sides have to play really precisely to keep the balance, White's
moves (Q checks and forks) are easier to choose than Black's.  2022: Ditto
SF15 intitially rates it winning, but quickly drops to 0.00.} 28. Qxg4 Qxf1 29.
Qxg8+ Ke7 (29... Kd7 30. Qg4+ $8 $13 (30. Bxh6 $2 Qf2+ 31. Kh3 (31. Kh1 d3 $19)
31... Bd6 $1 $19) 30... f5 $5 (30... Kd6 $4 31. Ba3+ $8 $18) (30... Kd8 31.
Qg8+ $8 $11) 31. exf5 $13) 30. Bxh6 (30. Qc8 $1 Qxc1 31. Qxc7+ Kf8 32. Qxc6
Qxc2+ 33. Kh3 $11 {Black can try to promote, but can't escape White's checks.})
30... Qf2+ (30... Bb6 $1 {allows White a lot of checks, but no good way to
deal with ...d3.}) 31. Kh1 {[%mdl 32832] Diagram [#]Critical Position (hard)
What happens on ...Qxc2? Does Black have better? What follows below is mostly
a lot of computer-checked variations with not many words.  Personally, I
prefer words: a concise verbal summary of the essence of a position is much
easier to understand than a mass of variations. If there is a verbal
explanation that adequately conveys the truth about this complex position,
unfortunately, I haven't found it.} Qxc2 $2 {[%mdl 64] The game shows why ...
Qxc2 loses.} (31... d3 $6 32. Qc8 $8 Bd8 33. Qb7+ $8 (33. Qxc6 $2 d2 $11) 33...
Kd6 34. Bf8+ Be7 (34... Ne7 35. Qd5+ Kc7 36. Qxd3 $18) 35. Bxe7+ Nxe7 36. Qa6+
Kc7 37. Qxd3 (37. Qc4+ $5 {may be an improvement: trying to force the Black K
further away.}) 37... Qd2 38. Ne2 Qxd3 39. cxd3 c2 $14 {White is close to
winning, but it's a N ending with a passed rook pawn.... :(}) (31... Nd8 32.
Bf8+ Kd7 33. Qg4+ Ne6 34. h6 $8 d3 35. h7 dxc2 36. Ba3 Bb6 37. Ne2 Qf1+ 38. Kh2
Qf2+ 39. Kh3 Qf1+ 40. Kh4 $4 (40. Kh2 $11) 40... Qh1+ 41. Qh3 Bd8+ 42. Kg4
Qxe4+ $19) (31... Bb6 $1 {keeps the Pf7 defended while making space for the
Ke7 to get out of the crossfire, and threatens ...d3.} 32. Bf8+ Kd7 33. Qg4+
Kd8 (33... Ke8 {this cute move tries to avoid the tricky endgame lines below,
but it doesn't seem to work:} 34. Qg8 (34. h6 d3 35. Nh3 Qe1+ 36. Kg2 Qe2+ 37.
Qxe2 dxe2 $19) 34... Ne7 $5 35. Bxe7+ Kxe7 36. Qb8 $8 (36. Qg5+ Qf6 $19) 36...
Qf6 (36... d3 $2 37. Qxe5+ $11) 37. Kg2 d3 38. cxd3 Qf2+ 39. Kh3 Bd4 (39...
Qf1+ 40. Kg4 $8 $11) (39... Qxg1 40. Qxe5+ $11) 40. Qc7+ Ke6 (40... Kf8 $4 41.
Qd8+ Kg7 42. Qg5+ Kf8 43. h6 $18) 41. Qc6+ $11) (33... Kc7 34. Qf3 $1 d3 35.
Qxf2 Bxf2 36. cxd3 c2 {Diagram [#]} 37. Ne2 $1 (37. Ba3 $2 {White needs the B
to support Ph5-h6.} Be3 38. Ne2 Nd4 39. Nc1 Kd7 40. Kg2 Ke6 ({or} 40... Bh6 41.
Kf1 Ke6 42. Ke1 Kf6 $19) 41. Kf1 Bxc1 42. Bxc1 Nb3 $19 {the Black K is inside
the square of the P.}) 37... Be3 38. h6 $11 Nd4 39. h7 $8 Nxe2 40. Ba3 $8 Bc1
41. h8=Q $8 Bxa3 42. Qxe5+ $11) 34. Qf3 (34. Qd1 d3 35. Qxd3+ Ke8 36. Nh3 Qe1+
37. Kg2 Qd2+ $19) (34. Qg5+ {[%mdl 32768]} Ke8 (34... f6) 35. Qg8 Kd7 36. Qg4+
Kc7 37. Qf3 $1 $11) 34... Qxf3+ {(simpler than the lines above, possbily
because pulling the N to f3 makes harder for White to fight for c1.)} (34... d3
35. Qxf2 Bxf2 36. cxd3 c2 37. Ne2 (37. Ba3 Be3 38. Ne2 Nd4 $19) (37. Bh6 Nd4
38. Bc1 Ke7 $1 $19 (38... Bxg3 $2 39. h6 Bh4 40. h7 Bf6 41. Bg5 $3 $11)) 37...
Nd4 38. Nc1 Be3 39. h6 Bxc1 40. h7 Bg5 $8 (40... Be3 $4 41. Ba3 $18) 41. h8=Q
c1=Q+ $19 42. Kg2 Qc2+ 43. Kh3 Qxd3 44. Bh6+ Kd7 45. Bxg5 Qf1+ 46. Kg4 Qf3+ 47.
Kh3 Qh1+ $19) 35. Nxf3 Ke8 $1 36. Bg7 (36. Ba3 d3 $1 37. cxd3 Be3 38. g4 f6 $1
$19) 36... d3 $1 37. cxd3 c2 38. Bh6 Ba5 39. Kg2 (39. Bc1 Bc3 40. Kg2 Nb4 $19)
39... Bc3 40. Kf2 Bb2 41. Ke2 c1=Q 42. Bxc1 Bxc1 $19) 32. Bf8+ $8 $18 Kd7 (
32... Ke6 $2 33. Qg4+ $18) 33. Qg4+ $8 Ke8 34. h6 $8 {[#]} Kxf8 ({If both
sides race to promote, Black gets mated:} 34... d3 35. h7 d2 36. h8=Q d1=Q 37.
Bc5#) (34... Bd8 {is tougher, but still inadequate:} 35. Bc5 $1 (35. h7 $2 Bf6
$8 36. Bg7 Bxg7 37. Qxg7 Qxe4+ 38. Kh2 Qc2+ $8 39. Kh3 Qf5+ 40. Kh4 Kd7 41.
h8=Q Ne7 $1 {...Ng6+ will cost White a Q, but after} 42. Nf3 $1 $11 {Black's K
is too exposed to win.} (42. Qxe5 $4 Ng6#)) 35... Qb1 36. Qg8+ $8 Kd7 37. Qxf7+
Kc8 38. Qe6+ Kb7 39. Qd7+ Bc7 40. h7 $8 $18 (40. Bd6 $2 Qxe4+ $11) 40... Qxe4+
41. Kh2 c2 42. h8=Q c1=Q 43. Qhc8#) 35. h7 $8 d3 36. h8=Q+ {White has faster
ways to win, but he gets the job done.} Ke7 37. Qg5+ Kd7 38. Qf5+ Kd6 39. Qf8+
Ne7 40. Qf6+ Kc5 41. Q8xe7+ Kd4 42. Qb4+ Ke3 43. Qg5+ Kf2 44. Qc5+ 1-0

[Event "2013 Battle of Alberta"]
[Site "Red Deer"]
[Date "2013.09.07"]
[Round "2.2"]
[White "Kazmaier, Daniel"]
[Black "Wang, Richard"]
[Result "1-0"]
[WhiteElo "2292"]
[BlackElo "2492"]
[Annotator "John Upper"]
[PlyCount "69"]
[EventDate "2013.09.07"]
[EventType "team-match"]
[EventCountry "CAN"]
[SourceTitle "Chess Canada Tactiosauru"]
[Source "CFC/John Upper"]
[SourceDate "2023.03.11"]
[SourceVersion "1"]
[SourceVersionDate "2023.03.11"]
[SourceQuality "1"]

1. d4 d5 2. c4 c6 3. Nf3 Nf6 4. Qb3 dxc4 5. Qxc4 Bg4 6. Nc3 Nbd7 7. e4 Bxf3 8.
gxf3 e5 9. Be3 Qc7 10. Bh3 Bd6 11. Bxd7+ Nxd7 12. Rg1 exd4 13. Bxd4 Be5 14. f4
Bxd4 15. Qxd4 Qxf4 16. Qxg7 O-O-O 17. Qg3 Qh6 18. Rd1 Rhe8 19. Ke2 f5 20. Qe3
f4 21. Qxa7 Qxh2 22. Rg7 f3+ 23. Kd3 Qh6 24. Rdg1 Qd6+ 25. Kc2 Re7 26. Rxe7
Qxe7 27. b4 Ne5 (27... Qxb4 $4 28. Rb1 $18) 28. b5 $36 {[%mdl 33088] Diagram 
[#]Critical Position How should Black defend: ...Qb4, ...Qc7, or something
else?} Qc7 $2 {This protects against mates, but leaves Black so tied up that
White can win material and create new threats before Black can untangle.} (
28... Qb4 $2 29. Rg7 Rd2+ (29... Nd7 {leaves Black with no counterplay, so
simply} 30. bxc6 $18) 30. Kxd2 Qb2+ 31. Kd1 $8 $18) (28... Kc7 $6 {Not the
best, but there is no clear cut refutation. It gets out of mates, but walking
the K into the center leaves Black exposed and blocking the d-file stops
counterplay:} 29. b6+ $1 Kd6 30. Rh1 $1 (30. Rd1+ $2 {wins a pawn but concedes
a perpetual} Ke6 31. Rxd8 Qxd8 32. Qxb7 Qd3+ 33. Kb3 Qc4+ $11) 30... Rg8 31.
Rh6+ Rg6 32. Rh5 $1 $18 {or Qa3+ is a computer line rated at +3. Material is
equal, but Black is more and more tied down to defending.}) (28... Nd3 $8 {
to bring the N to defend via b4, which White can stop with} 29. b6 (29. a3 cxb5
$8 30. Qa8+ $1 (30. Rd1 {or Nxb5} Qc5 $11 {forces off Qs.}) 30... Kc7 31. Nd5+
Rxd5 $8 32. Qa5+ {(to block checks from e2)} Kd7 $8 33. exd5 {[#] Analysis
Diagram} Qc5+ $3 (33... Qe2+ 34. Qd2 Nxf2 $14 {with an ending Black might
struggle to hold.}) 34. Kb1 (34. Kxd3 Qxd5+ $8 $11 {Black has a perpetual,
checking on the light squares even after the Pf3 drops. An excellent example
of how much stronger a centralized Q is than major pieces on the edge of the
board!}) 34... Qxd5 $14 {White is nominally better, but the exposed K and weak
Pf2 give Black excellent drawing chances.}) 29... Nb4+ 30. Kb1 Na6 $8 $13) 29.
b6 $8 $18 Qb8 (29... Qd6 30. Rd1 $18 Nd3 31. Qa8+ $1 Kd7 32. Qxd8+ $1 Kxd8 33.
Rxd3 $18) 30. Rg7 $1 {Thtreatens Rc7+.} Nd7 (30... Qxa7 31. bxa7 {and the P
promotes}) 31. Rxh7 Qd6 32. a4 $1 {[#] Black has nothing on the d-file since
N-moves allow mate on b7, and there's no good defence to a5-a6.} Rg8 33. a5 $1
(33. Qa8+ {wins too} Qb8 (33... Nb8 34. Qxb7+ Kd8 35. Qc7+ $18) 34. Qxb8+ Nxb8
35. Rc7+ Kd8 36. Rxb7 Nd7 37. a5 $18) 33... Rg2 (33... Qb8 34. a6 $18) 34. Rh8+
Nf8 35. Rxf8+ 1-0

[Event "WYCC U14g"]
[Site "Durban"]
[Date "2013.12.24"]
[Round "8.36"]
[White "Ponomarchuk, Anastasia"]
[Black "Tapp, Ashley"]
[Result "0-1"]
[WhiteElo "1804"]
[BlackElo "1520"]
[Annotator "John Upper"]
[PlyCount "32"]
[EventDate "2013.??.??"]
[EventType "swiss"]
[EventCountry "RSA"]
[SourceTitle "Chess Canada Tactiosauru"]
[Source "CFC/John Upper"]
[SourceDate "2023.03.11"]
[SourceVersion "1"]
[SourceVersionDate "2023.03.11"]
[SourceQuality "1"]
[WhiteTeam "RUS"]
[BlackTeam "CAN"]

{[%evp 0,32,27,46,55,30,33,33,48,23,34,49,60,63,60,28,71,50,72,56,74,40,79,39,
84,61,91,82,118,-39,-39,-31,-35,-29999,-30000]} 1. e4 e6 2. d4 d5 3. Nc3 Nf6 4.
exd5 Nxd5 5. Nf3 Nxc3 6. bxc3 c5 7. Bd3 Be7 8. O-O O-O 9. Re1 Nd7 10. Ne5 Nf6
$6 11. Re3 Qc7 12. Rh3 $16 g6 $1 13. Qd2 Rd8 14. Qg5 $5 (14. Qf4 $1) 14... cxd4
15. cxd4 $4 (15. Bf4 $142 Qxc3 16. Rb1 $18) (15. Bxg6 $142 $1 $18 hxg6 16. Nxg6
fxg6 (16... Nd5 17. Nxe7+ Kf8 18. Rh8#) 17. Qxg6+ Kf8 18. Bh6#) 15... Qc3 $1 {
[%mdl 320] [#] Critical Position Which of the three results will it be?} 16.
Bxg6 $4 {[%mdl 33088] One move too late.} ({During the streaming post-mortem,
the interviewer tried to convince Ashley that White would have a strong attack
after:} 16. Be3 $2 {Ashley politely pointed out that she could win the Ra1 with
} Qxa1+ {and although she didn't say so, after} 17. Bf1 $19 {or Bc1 you would
have to be suicidally "creative" to find a move that doesn't win for Black.}) (
{In the diagam White has only one move to stay in the game:} 16. Rxh7 $3 Qe1+
$8 (16... Qxa1 $4 17. Rxf7 $18 {Think of this as destroying Black's kingside
pawns by sac'ing the Ra1 rather than the Rh3.}) 17. Bf1 Kxh7 (17... Nxh7 $2 18.
Qxe7 Rf8 19. Bh6 $18) 18. Qh6+ (18. Nxf7 $2 Qxf2+ $3 19. Kxf2 Ne4+ $15) 18...
Kg8 19. Nxg6 {[#] now Black has only two saving moves:} fxg6 $1 ({not} 19...
Nh7 $4 20. Nxe7+ Kh8 21. Bg5 Qxa1 22. Bf6#) ({the simplest} 19... Qxf2+ $1 20.
Kxf2 Ng4+ 21. Kg1 Nxh6 22. Nxe7+ Kg7 $13) 20. Qxg6+ Kh8 21. Qh6+ {is an
immediate perpetual, since} (21. Bh6 $2 Rg8 $8 22. Qxg8+ Nxg8 23. Rxe1 Nxh6 $19
) (21. Bg5 $5 Qxa1 $8 22. Bxf6+ $11 {with a different perpetual}) 21... Nh7 $4
(21... Kg8 $11) 22. Bf4 $8 {Threatening mate and the Q.} Bf8 23. Qg6 $8 $18)
16... Qe1# {You don't see that every day.} 0-1